Women's development and social conflicts : (Record no. 123684)

MARC details
000 -LEADER
fixed length control field 00862nam a22002537a 4500
003 - CONTROL NUMBER IDENTIFIER
control field dpl
005 - DATE AND TIME OF LATEST TRANSACTION
control field 20180807123125.0
008 - FIXED-LENGTH DATA ELEMENTS--GENERAL INFORMATION
fixed length control field 180807b xxu||||| |||| 00| 0 eng d
010 ## - LIBRARY OF CONGRESS CONTROL NUMBER
LC control number A-945438
020 ## - INTERNATIONAL STANDARD BOOK NUMBER
Terms of availability 00.00
International Standard Book Number 8173912718
035 ## - SYSTEM CONTROL NUMBER
System control number A-945438, A-945442
037 ## - SOURCE OF ACQUISITION
Source of stock number/acquisition Cen Lib/Ret
040 ## - CATALOGING SOURCE
Original cataloging agency DPL
Language of cataloging EN
Transcribing agency 0
082 ## - DEWEY DECIMAL CLASSIFICATION NUMBER
Classification number 305.4095454
Item number NAY
100 ## - MAIN ENTRY--PERSONAL NAME
Personal name Nayak,Utpala
9 (RLIN) 7679
245 ## - TITLE STATEMENT
Title Women's development and social conflicts :
Statement of responsibility, etc by Utpala Nayak
Remainder of title historical perspectives on India women (study in Orissa) /
260 ## - PUBLICATION, DISTRIBUTION, ETC. (IMPRINT)
Place of publication, distribution, etc New Delhi
Name of publisher, distributor, etc Kanishka publishers
Date of publication, distribution, etc 1999
270 ## - ADDRESS
Address 4697/5-21A,Ansari road Darya Ganj
City New Delhi
Postal code 110002
300 ## - PHYSICAL DESCRIPTION
Extent XIV,327p. :
Dimensions 21cm(Hb)
Other physical details ill.
500 ## - GENERAL NOTE
General note Includes index
650 ## - SUBJECT ADDED ENTRY--TOPICAL TERM
Topical term or geographic name as entry element Women in development -- India
9 (RLIN) 18373
650 ## - SUBJECT ADDED ENTRY--TOPICAL TERM
Topical term or geographic name as entry element Feminism -- India
9 (RLIN) 73807
942 ## - ADDED ENTRY ELEMENTS (KOHA)
Source of classification or shelving scheme Dewey Decimal Classification
Koha item type English Books
Classification part 305.4095454
Call number suffix NAY
Holdings
Withdrawn status Lost status Damaged status Not for loan Home library Current library Date acquired Source of acquisition Cost, normal purchase price Total Checkouts Full call number Barcode Date last seen Date checked out Copy number Cost, replacement price Price effective from Koha item type Source of classification or shelving scheme Collection code
        Central Library Central Library 11/06/2015 Cen Lib/Ret 0.00 1 305.4095454 NAY A-945438 27/05/2017 06/05/2017 1 0.00 11/06/2015 English Books    
        Shahdara Branch Shahdara Branch 07/08/2018 BPPD/PUB 410.00   305.4095454 NAY A-945442 07/08/2018     410.00 07/08/2018 English Books Dewey Decimal Classification Non-fiction

© Delhi Public Library
Hit Counter
free hit counter